000 00492cam a2200193ua 4500
001 1006
005 20260515113247.0
008 110426n ii |||gr||||Z||||||eng
040 _cMAIN
082 _a320.954
245 1 _aPolitics in India 1947-1987
_cby C.P.Bhambhri
250 _a1st.
260 _aNew delhi:
_bVikash publishing pvt. ltd.,988.
300 _a238p.:0cm.
653 _aPolitical science
653 _aPolitics in India
700 _aBhambhri, C.P.,
_eAurthor.
942 _cBK
999 _c925
_d925